[Event "GRE-ch U14 Girls"]
[Site "Peristeri"]
[Date "2023.07.06"]
[Round "6"]
[White "Kollia, Evgenia"]
[Black "Kioseoglou, Foteini"]
[Result "0-1"]
[WhiteElo "1235"]
[BlackElo "1230"]
[PlyCount "159"]
[EventDate "2023.07.03"]
[EventType "swiss"]
[EventRounds "9"]
[EventCountry "GRE"]
[SourceTitle "EXT 2024"]
[Source "ChessBase"]
[SourceDate "2023.10.10"]
[SourceVersion "1"]
[SourceVersionDate "2023.10.10"]
[SourceQuality "1"]

1. e4 c5 2. Nf3 e6 3. d4 cxd4 4. Nxd4 Nf6 5. Nc3 Nc6 6. a3 a6 7. Be3 d6 8. Be2 Be7 9. 0-0 Qc7 10. Qd2 Ne5 11. h3 Nc4 12. Bxc4 Qxc4 13. Qd3 Qc7 14. Rad1 0-0 15. Rfe1 Rd8 16. Nb3 b5 17. f3 Bb7 18. Kh1 Rac8 19. Rd2 d5 20. exd5 Nxd5 21. Bd4 Bg5 22. Rdd1 Nf4 23. Qf1 Nh5 24. Bf2 Ng3+ 25. Bxg3 Qxg3 26. Ne2 Qc7 27. c3 Bd5 28. Nd2 Bh4 29. g3 Bxg3 30. Nxg3 Qxg3 31. Qg2 Qxg2+ 32. Kxg2 Kf8 33. Kf2 Ke7 34. Ke2 Rd7 35. Ne4 Bxe4 36. Rxd7+ Kxd7 37. fxe4 Rc5 38. Rd1+ Ke7 39. Rd3 f5 40. exf5 exf5 41. Kf3 h6 42. Kf4 g5+ 43. Kg3 Ke6 44. Rd8 Ke7 45. Rd3 Rc6 46. Kf3 Rd6 47. Re3+ Kf7 48. Re5 Rd3+ 49. Ke2 Rxh3 50. Rxf5+ Ke7 51. Rf2 h5 52. Kf1 Rg3 53. Rf5 h4 54. Rf2 Ke6 55. Rh2 Kf5 56. Rf2+ Ke5 57. Rd2 g4 58. Rh2 h3 59. Re2+ Kf4 60. Rh2 Rf3+ 61. Kg1 Kg3 62. Re2 h2+ 63. Rxh2 Rf1+ 64. Kxf1 Kxh2 65. b3 g3 66. c4 g2+ 67. Kf2 g1Q+ 68. Ke2 bxc4 69. bxc4 Qc5 70. Kd3 Qxa3+ 71. Kd4 Qd6+ 72. Kc3 Kg3 73. Kb3 Kf3 74. Kc3 Ke3 75. Kb3 Kd4 76. c5 Kxc5 77. Kb2 Qg3 78. Kc2 Kc4 79. Kd2 Qf2+ 80. Kd1 0-1

[Event "GRE-chT 47th"]
[Site "Patras"]
[Date "2019.07.04"]
[Round "4.5"]
[White "Kioseoglou, Foteini"]
[Black "Kiousi, Panagiota"]
[Result "0-1"]
[WhiteElo "1004"]
[BlackElo "1895"]
[PlyCount "106"]
[EventDate "2019.07.02"]
[EventType "team-swiss"]
[EventRounds "7"]
[EventCountry "GRE"]
[SourceTitle "CBM 191 Extra"]
[Source "ChessBase"]
[SourceDate "2019.09.30"]
[SourceVersion "1"]
[SourceVersionDate "2019.09.30"]
[SourceQuality "1"]
[WhiteTeam "The Zenon of Glyfada"]
[BlackTeam "Purchases of New Crystal"]
[WhiteTeamCountry "GRE"]
[BlackTeamCountry "GRE"]

1. d4 Nf6 2. Nf3 e6 3. Bg5 b6 4. e3 Bb7 5. Nbd2 d5 6. Bd3 Nbd7 7. c3 c5 8. Rc1 h6 9. Bh4 Be7 10. Qc2 0-0 11. 0-0 Re8 12. Rfe1 Rc8 13. b3 g5 14. Bg3 Nh5 15. Nf1 Ndf6 16. Be5 Ne4 17. h3 cxd4 18. Bxd4 Bd6 19. c4 e5 20. Ba1 Nhf6 21. Qb1 Nc5 22. Be2 Qe7 23. Ng3 Qf8 24. Nd2 Ncd7 25. Nh5 Nxh5 26. Bxh5 Nf6 27. Be2 dxc4 28. Nxc4 Be4 29. Qb2 Bb4 30. Rf1 b5 31. a3 Be7 32. b4 bxc4 33. Rxc4 Rxc4 34. Bxc4 Bd6 35. Rd1 Qe7 36. Qa2 Rd8 37. f3 Bb7 38. Rf1 Bc7 39. Qb2 Bb6 40. Qxe5 Bxe3+ 41. Kh1 Qxe5 42. Bxe5 Nd7 43. Rd1 Bb6 44. Bd4 Ne5 45. Bxe5 Rxd1+ 46. Kh2 h5 47. Bf6 h4 48. Be5 Bg1+ 49. Kh1 Bd4+ 50. Kh2 Bxe5+ 51. g3 Bxf3 52. Bf1 Rxf1 53. a4 hxg3# 0-1